Etika profesional / (Record no. 265)

000 -LEADER
fixed length control field nam a22 a 4500
003 - CONTROL NUMBER IDENTIFIER
control field AKMAL
005 - DATE AND TIME OF LATEST TRANSACTION
control field 20200123145023.0
008 - FIXED-LENGTH DATA ELEMENTS--GENERAL INFORMATION
fixed length control field 170428s2001 my f00 may d
020 ## - INTERNATIONAL STANDARD BOOK NUMBER
International Standard Book Number 9835202389 (kkt.):
Terms of availability RM20.00
040 ## - CATALOGING SOURCE
Original cataloging agency AKMAL
082 04 - DEWEY DECIMAL CLASSIFICATION NUMBER
Classification number 174 MOH
Edition number 21
090 00 - LOCALLY ASSIGNED LC-TYPE CALL NUMBER (OCLC); LOCAL CALL NUMBER (RLIN)
Classification number (OCLC) (R) ; Classification number, CALL (RLIN) (NR) 174
Local cutter number (OCLC) ; Book number/undivided call number, CALL (RLIN) MOH
100 0# - MAIN ENTRY--PERSONAL NAME
Personal name Mohd. Janib Johari
9 (RLIN) 591
245 10 - TITLE STATEMENT
Title Etika profesional /
Statement of responsibility, etc. Mohd. Janib Johari
260 ## - PUBLICATION, DISTRIBUTION, ETC.
Place of publication, distribution, etc. Skudai :
Name of publisher, distributor, etc. Penerbit Universiti Teknologi Malaysia,
Date of publication, distribution, etc. 2001
300 00 - PHYSICAL DESCRIPTION
Extent x, 157ms. :
Other physical details il. ;
Dimensions 22cm
504 ## - BIBLIOGRAPHY, ETC. NOTE
Bibliography, etc. note Mengandungi rujukan bibliografi dan indeks
599 ## - LOCAL NOTE
Local Note DALAM PROSES
650 #0 - SUBJECT ADDED ENTRY--TOPICAL TERM
Topical term or geographic name entry element Professional ethics
9 (RLIN) 592
650 #0 - SUBJECT ADDED ENTRY--TOPICAL TERM
Topical term or geographic name entry element Work ethic
9 (RLIN) 593
942 ## - ADDED ENTRY ELEMENTS (KOHA)
Source of classification or shelving scheme
Koha item type Book
Holdings
Withdrawn status Lost status Source of classification or shelving scheme Damaged status Not for loan Collection code Home library Current library Shelving location Date acquired Inventory number Total Checkouts Full call number Barcode Date last seen Price effective from Koha item type
          NON-FICTION AKMAL Melaka AKMAL Melaka PINJAMAN 28.04.2017 100415   174 MOH 201700680 28.04.2017 28.04.2017 Book
          NON-FICTION AKMAL Melaka AKMAL Melaka PINJAMAN 04.05.2017 100570   174 MOH 201701610 04.05.2017 04.05.2017 Book
          NON-FICTION AKMAL Melaka AKMAL Melaka PINJAMAN 04.05.2017 100420   174 MOH 201707810 23.01.2020 04.05.2017 Book
Pusat Sumber Maklumat Dato' Haji Sarmin Md Hussin, Akademi Kastam Diraja Malaysia, Melaka
Tel: 06-2331106 | Faks: 06-2313787